| 000 | 00605nam a2200193 4500 | ||
|---|---|---|---|
| 003 | LK-CoMWRAF | ||
| 005 | 20230921121031.0 | ||
| 008 | 230903b1992 |||||||| |||| 00| 0 eng d | ||
| 040 |
_aLK-CoMWRAF _dLK-CoMWRAF _eLK-CoMWRAF |
||
| 041 | _aeng | ||
| 082 |
_a333.7 _bVEN |
||
| 100 | _aVenkateswaran, Sandhya. | ||
| 245 |
_aLiving on the edge: _b women, environment, and development |
||
| 260 |
_aNew Delhi: _bFriedrich Ebert Stiftung, _c1992 |
||
| 300 |
_a182 p. : ill. ; 23 cm. _bBibliography included |
||
| 650 | _aWOMEN IN DEVELOPMENT-India | ||
| 650 | _aWomen and the environment--India. | ||
| 942 | _cBK | ||
| 999 |
_c3381 _d3381 |
||